000 01476nam a22002537a 4500
003 DO-SdBNP
005 20221115084509.0
007 ta
008 221115b2022 dr a|||| |||| 00| 0 spa d
020 _a9788430354770
040 _aDO-SdBNP
_bspa
_cBNPHU
041 _hspa
082 4 _bC965L, 2022
_222
100 1 _99459
_aCuevas, Julio,
_d1955
245 1 4 _aLas identidades en "Juan Criollo y otras antielegías", de Víctor Villegas /
_cJulio Cuevas ; prólogo Mary Sol de Mora
260 _aSanto Domingo :
_bTiempo de nosotros,
_c2016.
300 _a305 p. :
_bil. ;
_c22 cm.
500 _aIncluye datos biográficos del autor en las solapas
505 0 _aPrólogo --
_tContextualización del tema --
_tEn torno al tema de estudio--
_tAntecedentes--
_t1. Filosofía y literatura--
_t2. Ironía e idientidad en Juan Criollo y otras antielegías--
_t3. Juan Criollo y otras antielegías y sus identidades, a partir de la evocación de los mitos poetizados--
_t4. Lo dialógico en el discurso identitario y poético de Juan Criollo y otras antielegías--
_t5. Predominio del ritmo en el texto--
_t6. La búsqueda de las identidades en Juan Criollo y otras antielegías--
_t7. Narrativa y cotidianidad en Juan Ciollo y otras antielegías--
_t8. Memoria y universalidad en una poética de las trans-identidades--
_tBreves datos biográficos del autor.
590 _aInventariado, 2022/BT
700 1 _aSol de Mora, Mary,
_epról.
_978664
910 _aBtavárez
942 _2ddc
_cLBS1
999 _c52927
_d52927